Bí ẩn giấc mơ

Giới thiệu về các loại chiêm bao; lưu giữ giấc mơ, các biểu tượng. Đề cập đến phân tích giấc mơ, các giấc mơ phổ biến, tạo giấc mơ hữu ích, giải mộng để tăng sức mạnh tinh thần, giấc mơ sáng tạo là sự hiện thực.

Đã lưu trong:
Chi tiết thư mục
Định dạng: Sách
Năm xuất bản: H. Thanh niên 1999
Chủ đề:
Tags: Thêm thẻ
Không có thẻ, Hãy là người đầu tiên gắn thẻ bản ghi này!
LEADER 00793nam a2200157 4500
082 |a 154.63  |b B300â 
100 |a   
245 |a Bí ẩn giấc mơ  |c Phạm Cao Hoàn biên dịch 
260 |a H.  |b Thanh niên  |c 1999 
300 |a 207 tr.  |c 19 cm. 
520 |a Giới thiệu về các loại chiêm bao; lưu giữ giấc mơ, các biểu tượng. Đề cập đến phân tích giấc mơ, các giấc mơ phổ biến, tạo giấc mơ hữu ích, giải mộng để tăng sức mạnh tinh thần, giấc mơ sáng tạo là sự hiện thực. 
653 |a Tâm lí 
653 |a Giấc mơ 
942 |2 ddc  |c SH 
999 |c 8890  |d 8890 
952 |0 0  |1 0  |2 ddc  |4 0  |6 154_630000000000000_B300  |7 0  |8 100  |9 71946  |a qbu  |b qbu  |c D2  |d 2015-05-01  |g 21000  |l 1  |o 154.63 B300â  |p 8529.c1  |r 2016-01-21  |s 2016-01-14  |w 2015-05-01  |y SH